| 000 | 00613nam a22001697a 4500 | ||
|---|---|---|---|
| 003 | OSt | ||
| 005 | 20171010095434.0 | ||
| 008 | 120521t xxu||||| |||| 00| 0 eng d | ||
| 040 |
_aMMSU _cULS |
||
| 100 |
_aBacarisa, Maingelline R. _99547 |
||
| 245 |
_aFermentation of sweet sorghum (Sorghum bicolor) juice using different strains of saccharomyces cerevisiae _cMaingelline R. Bacarisa |
||
| 260 | _c2007 | ||
| 300 |
_axiv, 53 leaves _c28 cm. |
||
| 500 | _aThesis (BS Biology) -- Mariano Marcos State University-College of Arts and Sciences, Batac City | ||
| 504 | _aBibliography: leaf 34 | ||
| 942 |
_2ddc _cTHEDIS |
||
| 999 |
_c9511 _d9511 |
||